000
00329 a2200109 4500
001
ART_30929
005
20260410161701.0
008
260409a
245
1
0
_a
Indicadores del mercado accionario y actividad económica
100
1
_a
Lanteri, Luis
773
0
_t
Ensayos Económicos
_g
- Nº 70 (jun. 2014)
_w
REV620
999
_c
15207
_d
15207